| 000 | 00520nam a2200217Ia 4500 | ||
|---|---|---|---|
| 003 | OSt | ||
| 005 | 20221216144122.0 | ||
| 008 | 210210b1969 xxu||||| |||| 00| 0 eng d | ||
| 040 | _cAL | ||
| 041 | _aEnglish | ||
| 082 | _a657.046 AGAH | ||
| 100 |
_aAGARWALA (A N) _966460 |
||
| 245 | _aHigher science of accountancy | ||
| 250 | _a3 | ||
| 260 |
_aAllahabad _bKitab mahal _c1969 |
||
| 300 | _axxiv,1360 | ||
| 650 |
_aHigher Accountancy _966461 |
||
| 690 |
_aAccountancy _966462 |
||
| 906 | _a02810 | ||
| 942 |
_2ddc _cBK |
||
| 999 |
_c79364 _d79364 |
||